Music Quiz

Random Music or Song Quiz

ClassicRock Song Intros Quiz Stats

 Plays Quiz not verified by Sporcle

Challenge
Share
Tweet
Score 0/25 Timer 08:00
0 Plays Today
Time Song % Correct
0:00-0:10Renegade
100%
1:38-1:59N.I.B.
60%
2:32-3:00Over the Hills and Far Away
60%
0:10-0:28Amie
40%
0:28-0:31Aqualung
40%
0:58-1:09Juke Box Hero
40%
1:09-1:21Flash
40%
1:21-1:30Brain Damage
40%
1:59-2:09Paradise by the Dashboard Light
40%
3:32-3:55Sympathy for the Devil
40%
4:15-4:40Foreplay/Longtime
40%
4:53-5:06American Pie
40%
7:05-7:16La Grange
40%
Time Song % Correct
0:31-0:43Suite: Judy Blue Eyes
20%
0:43-0:58YYZ
20%
1:30-1:38Summer in the City
20%
2:09-2:32Wanted Dead or Alive
20%
3:00-3:32Crazy On You
20%
3:55-4:15Beautiful Girls
20%
4:40-4:53Heart of the Sunrise
20%
5:06-5:28Rock of Ages
20%
5:28-5:48Fortunate Son
20%
5:48-6:08The Things We Do For Love
20%
6:08-6:31Wonderful Tonight
20%
6:31-7:05Baba O'Riley
20%

You're not logged in!

Compare scores with friends on all Sporcle quizzes.
OR
Log In

You Might Also Like...

Show Comments

Extras

Top Quizzes Today


Score Distribution

Your Account Isn't Verified!

In order to create a playlist on Sporcle, you need to verify the email address you used during registration. Go to your Sporcle Settings to finish the process.

Report this User

Report this user for behavior that violates our Community Guidelines.

Details: